| Tag |
First Indicator |
Second Indicator |
Subfields |
| LEADER |
00000cam a2200000 a 4500 |
| 001 |
in00000069644 |
| 005 |
20151008054525.0 |
| 008 |
820408s1981 xx a 00010 eng d |
| 035 |
|
|
|a (OCoLC)08320589
|
| 035 |
|
|
|9 AAJ0912AM
|
| 040 |
|
|
|a TXA
|c TXA
|d UtOrBLW
|
| 043 |
|
|
|a n-us-ia
|
| 049 |
|
|
|a TXAM
|c [800703]
|
| 090 |
|
|
|a PN133.U5
|b U48
|
| 100 |
1 |
|
|a Piper, Janet.
|
| 245 |
1 |
4 |
|a The University of Iowa Writers' Workshop in retrospect :
|b a repository of relevant writing /
|c by Janet Piper.
|
| 264 |
|
1 |
|a [Place of publication not identified] :
|b [publisher not identified],
|c [1981?]
|
| 300 |
|
|
|a 1 volume (various pagings) :
|b illustrations (some color) ;
|c 28 cm.
|
| 336 |
|
|
|a text
|b txt
|2 rdacontent
|
| 337 |
|
|
|a unmediated
|b n
|2 rdamedia
|
| 338 |
|
|
|a volume
|b nc
|2 rdacarrier
|
| 500 |
|
|
|a Errata (2 leaves) tipped in at end.
|
| 610 |
2 |
0 |
|a Iowa Writers' Workshop.
|
| 650 |
|
0 |
|a Creative writing
|x Study and teaching
|z Iowa.
|
| 650 |
|
0 |
|a Creative writing (Higher education)
|
| 999 |
|
|
|a MARS
|
| 999 |
f |
f |
|s b553204c-f438-31da-b6c4-57d3261685cb
|i 76e542c1-ef24-37b1-99c7-0a2ee0d6d4dd
|t 0
|
| 952 |
f |
f |
|p ric
|a Texas A&M University
|b Rellis Campus
|c Joint Library Facility
|d Remote Storage
|t 0
|e PN133.U5 U48
|h Library of Congress classification
|i unmediated -- volume
|m A14806177048
|
| 998 |
f |
f |
|a PN133.U5 U48
|t 0
|l Remote Storage
|